[Event "Moia op 8th"]
[Site "Moia"]
[Date "2019.10.11"]
[Round "2.6"]
[White "Genis Traveria, Ferran"]
[Black "Barcons Gallach, Alfonso"]
[Result "0-1"]
[WhiteElo "1313"]
[BlackElo "1699"]
[PlyCount "102"]
[EventDate "2019.09.20"]
[EventType "swiss"]
[EventRounds "8"]
[EventCountry "ESP"]
[SourceTitle "EXT 2024"]
[Source "ChessBase"]
[SourceDate "2023.10.10"]
[SourceVersion "1"]
[SourceVersionDate "2023.10.10"]
[SourceQuality "1"]

1. e4 e5 2. Nc3 Nf6 3. g3 Nc6 4. Bg2 Be7 5. d3 d6 6. Nf3 Bg4 7. 0-0 Nd4 8. Bg5 0-0 9. Be3 Nxf3+ 10. Bxf3 Bxf3 11. Qxf3 Qd7 12. Rad1 Qh3 13. Nd5 Nxd5 14. exd5 f5 15. Qg2 Qh5 16. f4 exf4 17. Bxf4 Rae8 18. c4 Bg5 19. Bxg5 Qxg5 20. Qd2 Qxd2 21. Rxd2 g6 22. b4 Re3 23. Kg2 Rfe8 24. a4 Kg7 25. c5 R8e5 26. cxd6 cxd6 27. Kf2 Re7 28. Rc1 R3e5 29. Rdc2 Rd7 30. Rc7 Ree7 31. Rxd7 Rxd7 32. Ke3 Kf6 33. Kd4 Kg5 34. b5 b6 35. Rc2 Kg4 36. a5 h5 37. axb6 axb6 38. Rc6 h4 39. gxh4 f4 40. Rxb6 f3 41. Rc6 Kh3 42. b6 f2 43. Rc1 Kg2 44. Rc2 Kg1 45. Rc7 f1Q 46. Rxd7 Qf2+ 47. Ke4 Qxb6 48. Rg7 Qb4+ 49. d4 Qe1+ 50. Kf3 Qf2+ 51. Kg4 Qf5+ 0-1

[Event "Vall del Tenes op 4th"]
[Site "Santa Eulalia de Roncana"]
[Date "2015.05.29"]
[Round "7"]
[White "Genis Traveria, Ferran"]
[Black "Ruiz Mateos, Bernardo"]
[Result "1-0"]
[WhiteElo "1689"]
[BlackElo "1704"]
[PlyCount "29"]
[EventDate "2015.04.10"]
[EventType "swiss"]
[EventRounds "8"]
[EventCountry "ESP"]
[SourceTitle "CBM 166 Extra"]
[Source "ChessBase"]
[SourceDate "2015.06.18"]
[SourceVersion "1"]
[SourceVersionDate "2015.06.18"]
[SourceQuality "1"]

1. Nf3 Nc6 2. e4 e5 3. Bc4 Nf6 4. d4 exd4 5. Nxd4 Nxd4 6. Qxd4 d6 7. 0-0 Be7 8. f3 Be6 9. Nc3 b6 10. Bb5+ Bd7 11. e5 d5 12. exf6 Bc5 13. Re1+ Kf8 14. fxg7+ Kg8 15. gxh8Q# 1-0